000 00678nam a2200253Ia 4500
003 OSt
005 20220918223325.0
006 a|||||r|||| 00| 0
007 ta
008 220917b |||||||| |||| 00| 0 eng d
024 _a221,929
037 _cTextual
040 _aARTS
_cARTS
_beng
041 _2eng
_aeng
082 _aNW55,N45, P1
100 _aWelch David
245 0 _aPropaganda and the German cinema 1933 -1945
260 _aLondon
_bI.B.Tauris
_c2001
300 _axv, 311p
_ccm.
490 _aCinema and society
650 _aMOTION PICTURES; ARTS
_94029
942 _hNW55,N45, P1
_cTEXL
_2CC
999 _c278124
_d278124